00355nam a22001337a 450000500170000000800410001704000070005808200210006510000250008624500350011126000340014665000080018065000330018820241223095709.0241223b ||||| |||| 00| 0 eng d cAL 223a348.04bEASS aEastern Book Company aSupreme Court Cases2004: Vol 5 aLucknowbEastern Book Comapny aLaw aMode of Citation(2004) 5 SCC